Tratado de Libre Comercio entre Centroamérica y Estados Unidos: posición nacional /
Sábháilte in:
| Údar corparáideach: | |
|---|---|
| Formáid: | Téacs |
| Teanga: | Spanish |
| Foilsithe / Cruthaithe: |
San José:
COMEX
2003
|
| Ábhair: | |
| Clibeanna: |
Cuir clib leis
Níl clibeanna ann, Bí ar an gcéad duine le clib a chur leis an taifead seo!
|
MARC
| LEADER | 00000 a a2200000 04500 | ||
|---|---|---|---|
| 001 | 32535 | ||
| 003 | CRAI/IIS | ||
| 005 | 20210611105543.0 | ||
| 008 | 210611e2003 cr|||||| |||| 00| 0 spa d | ||
| 020 | |a 9968-740-40-3 | ||
| 040 | |a Centro de Recursos para el Aprendizaje y la Investigación |c CRAI/IIS |b Español | ||
| 090 | |a 20269.00 | ||
| 110 | |a Costa Rica. Ministerio de Comercio Exterior | ||
| 245 | |a Tratado de Libre Comercio entre Centroamérica y Estados Unidos: |b posición nacional / |c Ministerio de Comercio Exterior. | ||
| 260 | |a San José: |c 2003 |b COMEX | ||
| 300 | |a 51 p. | ||
| 500 | |a Colección Centroamérica | ||
| 650 | |a TLC |0 TESAUROS | ||
| 650 | |a COMERCIO EXTERIOR |0 TESAUROS | ||
| 650 | |a NEGOCIACIONES COMERCIALES |0 TESAUROS | ||
| 650 | |a LIBRE COMERCIO |0 TESAUROS | ||
| 650 | |a COSTA RICA |0 TESAUROS | ||
| 650 | |a AMERICA CENTRAL |0 TESAUROS | ||
| 650 | |a ESTADOS UNIDOS |0 TESAUROS | ||
| 852 | 1 | 1 | |a 20269.00 |
| 942 | |2 ddc |c LI |h 20269.00 |6 2026900 | ||
| 999 | |c 3817 |d 3817 | ||



